000 00765nam a2200241 a 4500
008
020 _a0471776351 (cased.)
049 _aMAIN
090 _aQH434
100 1 _aSermonti, Giuseppe.
245 1 0 _aGenetics of antibiotic-producing microorganisms/
_c G. Sermonti.
260 _aLondon :
_bWiley-Interscience,
_c[1969]
300 _axiii, 389 p. :
_bill. ;
_c24 cm.
440 0 _aTechniques in pure and applied microbiology,
_v1.
504 _aIncludes bibliographical references.
650 0 _aMicrobial genetics.
650 0 _aAntibiotic-producing organisms
_xGenetics.
907 _a.b10050085
_b07-05-04
_c17-04-03
003
005 20230123133223.0
040 _cNUST
942 _cBOOKS
_kQH434
999 _c144817
_d144817